书目信息 |
| 题名: |
国家司法考试应试指导
|
|
| 作者: | ;《国家司法考试应试指导》编委会 编 | |
| 分册: | 二 司法考试命题重点提示、案例与客观题详解 | |
| 出版信息: | 北京 人民法院出版社 2002 |
|
| 页数: | 570页 | |
| 开本: | 26cm | |
| 丛书名: | ||
| 单 册: | ||
| 中图分类: | D9 | |
| 科图分类: | ||
| 主题词: | 法律 | |
| 电子资源: | ||
| ISBN: | 7-80161-228-0 | |
| 000 | 00891nam0 2200217 450 | |
| 001 | 0756773108 | |
| 005 | 20070716105810.95 | |
| 010 | @a7-80161-228-0@dCNY54.00 | |
| 100 | @a20070715d2002 km y0chiy0120 ea | |
| 101 | 0 | @achi |
| 102 | @aCN@b110000 | |
| 200 | 1 | @a国家司法考试应试指导@Aguo jia si fa kao shi ying shi zhi dao@h二@i司法考试命题重点提示、案例与客观题详解@f《国家司法考试应试指导》编委会编@F《guo jia si fa kao shi ying shi zhi dao》bian wei hui bian |
| 210 | @a北京@c人民法院出版社@d2002 | |
| 215 | @a570页@d26cm | |
| 300 | @a全国司法统一考试专用指南 | |
| 517 | 1 | @a司法考试命题重点提示、案例与客观题详解@Asi fa kao shi ming ti zhong dian ti shi、an li yu ke guan ti xiang jie |
| 606 | 0 | @a法律 |
| 690 | @aD9@v3 | |
| 711 | 02 | @a《国家司法考试应试指导》编委会@A《guo jia si fa kao shi ying shi zhi dao》bian wei hui@4编 |
| 801 | 0 | @aCN@bPFT@c20070716 |
| 905 | @a10447@dD9@e348:2 | |
| 国家司法考试应试指导.二.司法考试命题重点提示、案例与客观题详解/《国家司法考试应试指导》编委会编.-北京:人民法院出版社,2002 |
| 570页;26cm |
| 全国司法统一考试专用指南 |
| ISBN 7-80161-228-0:CNY54.00 |
| ● |
| 相关链接 |
|
|
|
|
正题名:国家司法考试应试指导
索取号:D9/348:2
 
预约/预借
| 序号 | 登录号 | 条形码 | 馆藏地/架位号 | 状态 | 备注 |
| 1 | 0778237 | 207782372 | 第一样本阅览室/ [索取号:D9/348:2] | 在馆 |